[Event "Cappelle op 19th"]
[Site "Cappelle la Grande"]
[Date "2003.02.26"]
[Round "6"]
[White "Fercec, Nenad"]
[Black "Atalik, Suat"]
[Result "1/2-1/2"]
[WhiteElo "2484"]
[BlackElo "2581"]
[Annotator "Atalik,S"]
[PlyCount "92"]
[EventDate "2003.02.22"]
[EventType "swiss"]
[EventRounds "9"]
[EventCountry "FRA"]
[SourceTitle "EXT 2004"]
[Source "ChessBase"]
[SourceDate "2003.11.25"]
[SourceVersion "1"]
[SourceVersionDate "2003.11.25"]
[SourceQuality "1"]

1. e4 e5 2. Nf3 Nc6 3. Bb5 a6 4. Ba4 Nf6 5. O-O Nxe4 {Open Spanish.} 6. d4 b5
7. Bb3 d5 8. dxe5 Be6 9. Nbd2 {This has become somehow the main line.} Nc5 10.
c3 Bg4 ({After} 10... d4 11. Ng5 $1 Qxg5 12. Qf3 O-O-O 13. Bxe6+ fxe6 14. Qxc6
Qxe5 15. b4 Qd5 16. Qxd5 exd5 17. bxc5 dxc3 18. Nb3 d4 19. Ba3 g6 20. Bb4 Bg7
21. a4 bxa4 22. c6 d3 23. Rxa4 d2 24. Rxa6 Kb8 25. Nxd2 cxd2 26. Rd1 Rhe8 27.
Kf1 Re1+ 28. Rxe1 dxe1=Q+ 29. Bxe1 Bd4 $14 {is almost like a draw but who
wants to suffer for a draw?}) 11. Bc2 Be7 {I have analysed some lines in this
opening and decided to play without Qd7.This brings some new aspects to the
game.} 12. Re1 O-O 13. Nb3 $1 ({much more dangerous than} 13. Nf1 Re8) 13...
Ne6 14. Qd3 ({Victor'The Terrible'Kortschnoi has already proved that this is
better for black.} 14. Nbd4 $6 Ncxd4 15. cxd4 g6 $1 $15) 14... g6 15. Bh6 {
A natural move.} (15. Nfd4 Ncxd4 16. cxd4 Bf5 17. Qe2 Bxc2 18. Qxc2 a5 19. a4
Qd7 20. Be3 bxa4 21. Nc5 Bxc5 22. dxc5 Qb5 23. Rxa4 Rfb8 $36) 15... Re8 16.
Rad1 {Another common move.} (16. Nfd4 Ncxd4 17. Nxd4 (17. cxd4 Bf5 18. Qe2 Bxc2
19. Qxc2 a5 20. a4 Qd7 {is similar to the previous note.}) 17... Qd7 $5 18. Qg3
Nxd4 19. cxd4 Rac8 20. a4 c5 21. dxc5 Rxc5 $13) 16... Ng5 $1 $146 {Since 1912
nobody played this in this particular position.} ({After} 16... Bf5 $6 17. Qd2
Bxc2 18. Qxc2 $16 {white has the upper hand.}) 17. Bxg5 $8 ({Can anybody fall
for} 17. Nbd2 $4 Bf5 $19) 17... Bxg5 18. Nbd4 $1 {A move which is not hard to
find but still this is the only way for white not to lose initiative.} (18.
Qxd5 $6 Qxd5 19. Rxd5 Bxf3 20. gxf3 Bf4 21. Re4 $1 {White also has to try to
break blacks pawn structure.} Rxe5 $1 (21... g5 22. h4 h6 23. hxg5 hxg5 24. e6
$1 fxe6 25. Rc5 Nd8 (25... Nb8 $6 26. Rxf4 (26. Nd4 Nd7) 26... gxf4 27. Rxc7 a5
28. Nd4 Na6 29. Rc6 Kf7 30. Bb3 $16) 26. Nd4 Kf7 27. a4 (27. Ne2 Nb7 28. Rc6
Bd6) 27... bxa4 28. Bxa4 Re7 $14) 22. Rd7 (22. Rdxe5 Bxe5 23. Re3 f5 24. Nc5
Bd6 25. Bb3+ Kh8 $11) 22... Rg5+ 23. Kh1 Bd6 24. f4 Rg4 25. f5 $140 $2 Ne5 26.
Rxg4 Nxg4 $19) 18... Nxd4 19. cxd4 $14 {Black has to bishops but white has the
better pawn structure.} Be7 ({Keeping an eye on c1 square is not that
convincing.That is why I am for first to prepare c5.} 19... Bh6 20. h3 (20. Qc3
a5 21. a4) 20... Be6 21. Nh2 Bg7 22. Ng4 $14) 20. h3 Be6 21. Qd2 $6 {This is
not bad but in my opinion white has some other line with better prospects.} (
21. Nh2 $142 $1 Qd7 (21... h5 $6 22. Nf3 Rc8 23. Qd2 c5 24. dxc5 Bxc5 25. Bb3
$16) (21... Rc8 22. Ng4 c5 23. dxc5 Rxc5 24. Bb3 $16) 22. Qg3 (22. Qf3 a5 (
22... Rac8 23. Ng4 c5 24. dxc5 Rxc5 25. Bb3 Bxg4 26. hxg4 Rd8 27. Rd3 Qe6 $14)
23. Ng4 Bxg4 24. hxg4 a4 25. Bd3 c5 26. dxc5 Bxc5 $14) 22... a5 23. Ng4 Bxg4
24. hxg4 a4 $14) 21... c5 {The natural move without c5 black would have stayed
passive.} (21... a5 22. Qf4 a4 23. Bd3 Qd7 24. Ng5 (24. Nh2 Rac8 25. Ng4 Bxg4
26. hxg4 c5 27. dxc5 Rxc5 $14) 24... Rac8 25. Qh4 Bxg5 26. Qxg5 c5 27. dxc5
Rxc5 28. b4 axb3 29. axb3 b4 $132) 22. dxc5 Bxc5 23. Bb3 $1 {White should not
weaken the side.} (23. b4 Bf8 24. Bb3 Qe7 $1) 23... Ra7 $5 {I wanted to keep
Qd8 in her place cause I was thinking thatthis is the way to control things on
the queenside as well.} (23... a5 24. Bxd5 Bb4 25. Qh6 Bf8 $11) (23... Qb6 24.
Re2 (24. Qh6 $2 Bxf2+ 25. Kh1 Bxe1 26. Ng5 Qf2 27. Nxh7 Bd2 28. Rxd2 Qe1+ 29.
Kh2 Qxe5+ 30. g3 Qh8 $19) 24... Rad8 25. Qh6 Bf8 26. Qh4 Bg7) 24. Qh6 Bf8 25.
Qf4 Rd7 26. Re2 a5 $5 {A risky attempt to get counterplay.} (26... Bg7 27. Red2
f6 $5 28. Re2 Bf7 29. Qd4 {miraclously ok for white.} fxe5 (29... Rde7 30. Bxd5
Qxd5 31. Qxd5 Bxd5 32. Rxd5 fxe5 33. Re4 Rc7 $14) 30. Nxe5 g5 31. Rde1 Rde7 32.
g3 Qd6 33. f4 Qh6 34. Qd3 $14) 27. a4 $1 Rb7 ({Actually} 27... b4 {was not my
idea.} 28. Red2 Bg7 29. Qe3 $16) 28. Red2 (28. Nd4 bxa4 $1 (28... b4 $6 29. Nf3
$5 {and I do not fancy this position.}) 29. Bxa4 Bd7 30. Bb3 (30. Bc6 Bxc6 31.
Nxc6 Qd7 32. Rc2 (32. Nxa5 Rb5 (32... Qb5 $2 33. Nxb7 Qxe2 34. Rxd5 Qe1+ 35.
Kh2 Bg7 36. g3 Bxe5 37. Qd2 $16) 33. Ra1 (33. Nc4 $4 Rb4) 33... Bg7 $132))
30... Be6 $11) 28... bxa4 29. Qxa4 $6 {So far Nenad was in the command of a
great game but here he falters and tries to achieve equality.} (29. Bxd5 Bxd5
$1 {black has to seek for equality.} (29... Rb4 $2 {is only deceivingly good
for black!} 30. Bxe6 Rxf4 31. Bxf7+ (31. Rxd8 Rxe6) 31... Kxf7 32. Rxd8 Rxd8
33. Rxd8 Rb4 34. Ng5+ $1 Ke7 35. Ra8 Rxb2 36. Rxa5 Bh6 37. Ra7+ Ke8 38. Ne6 $16
) 30. Rxd5 Qb8 31. Qxa4 Rxb2 32. Qxa5 Qb6 33. Qxb6 Rxb6 34. Rd7 Bg7 35. Rd8 Kf8
$14 {And with the white pawn on e5 black should not lose this.}) 29... Rb4 30.
Qa2 Bh6 $40 {Now I have felt the game in my hands for only a while but Nenad's
exact play provided him with half a point.} 31. Rd4 Qb6 $1 {Still squeezing.} (
31... Rxd4 32. Rxd4 Qc7 33. Bxd5 Qc1+ 34. Kh2 Bf4+ 35. g3 Qf1 36. b4 Bxg3+ (
36... Qxh3+ $6 37. Kg1 Rc8 38. Rd1 axb4 39. Bxe6 fxe6 40. gxf4 Qg4+ 41. Kf1
Qxf3 42. Qxe6+ Kg7 43. Qf6+ Kh6 44. Qg5+ Kg7 45. Rd7+ Kg8 46. Rd8+ Rxd8 47.
Qxd8+ Kg7 48. Qe7+ Kg8 49. Qxb4 Qd1+ 50. Qe1 Qd5 $14 (50... Qxe1+ $4 51. Kxe1
Kf7 52. Ke2 Ke6 53. Kf3 Kf5 54. Kg3 h6 55. Kh4 g5+ (55... h5 56. Kg3 Ke6 57.
Kh3 Kf5 58. Kh4 $18) 56. fxg5 hxg5+ 57. Kh5 $18)) 37. fxg3 (37. Kxg3 Qxh3+ 38.
Kf4 Qh6+ $11) 37... Qxh3+ 38. Kg1 Qxg3+ 39. Qg2 Qxg2+ 40. Kxg2 Bxd5 41. Rxd5
axb4 42. Rb5 f6 $11) 32. Rxb4 axb4 {The best to make something happen.} (32...
Qxb4 $6 33. Bxd5 Rd8 34. Rd4 Rxd5 35. Rxd5 Bxd5 36. Qxd5 Qxb2 37. Qxa5 Qc1+ 38.
Kh2 Qf4+ 39. Kh1 Qc1+ 40. Ng1 Bf8 $14) 33. Bxd5 $1 {This is what I have not
seen in my calculations so no more fat dreams.} Rd8 (33... b3 $2 34. Qa4 Rd8
35. Qxb3 $1) 34. Qb3 $1 {The obvious and the only move.} (34. Rd4 $2 Kg7 35.
Bxe6 Rxd4 36. Nxd4 Qxd4 37. Bxf7 Qd1+ 38. Kh2 Qd2 $1 $19) (34. Qc4 $2 Qa5 35.
Bxe6 Rxd1+ 36. Kh2 Qa7 $1 $17) 34... Rxd5 35. Rxd5 Qc7 $1 {The point.} 36. g3 (
36. Qd1 $6 Bxd5 37. Qxd5 Qc1+ 38. Kh2 Qxb2 39. e6 Qf6 $15 {still contains some
danger for white.}) 36... Bc1 $1 {Blazing my guns,but this does not deliver
much.} 37. Nd4 Bxd5 38. Qxd5 Bxb2 39. e6 $1 {Excellent timing and calculation
by my opponent!  .} Bxd4 40. exf7+ Qxf7 {Nothing makes a difference,the game
peters out to be a draw!} (40... Kf8 {looks like a try but} 41. Qxd4 Qc3 42.
Qd7 $2 {only this makes the draw jeopardized.} (42. Qd5 $11) (42. Qd8+ $11)
42... Qe1+ 43. Kg2 Qe4+ 44. Kg1 b3 $17) 41. Qd8+ $1 $11 {The last accurate
move.} Qf8 42. Qd5+ Kg7 (42... Qf7 43. Qd8+) 43. Qxd4+ Kg8 {A lot of
possibilities for perpetual checks.} (43... Kh6 44. Qh4+ Kg7 45. Qd4+ $11) (
43... Kf7 44. Qf4+ Ke8 45. Qb8+ Kf7 46. Qf4+ $11) 44. Qc4+ Kg7 45. Qd4+ Kg8 46.
Qc4+ Kg7 1/2-1/2

[Event "EU-Cup 16th"]
[Site "Neum"]
[Date "2000.09.30"]
[Round "7.6"]
[White "Socko, Bartosz"]
[Black "Atalik, Suat"]
[Result "1/2-1/2"]
[WhiteElo "2528"]
[BlackElo "2549"]
[Annotator "Atalik,S"]
[PlyCount "83"]
[EventDate "2000.09.24"]
[EventType "team-swiss"]
[EventRounds "7"]
[EventCountry "BIH"]
[SourceTitle "CBM 080"]
[Source "ChessBase"]
[SourceDate "2001.01.25"]
[SourceVersion "1"]
[SourceVersionDate "2001.01.25"]
[SourceQuality "1"]
[WhiteTeam "Warsaw Polonia"]
[BlackTeam "Sarajevo Bosna"]
[WhiteTeamCountry "POL"]
[BlackTeamCountry "BIH"]

1. e4 e5 2. Nf3 Nc6 3. Bb5 a6 4. Ba4 Nf6 5. O-O Nxe4 6. d4 b5 7. Bb3 d5 8. dxe5
Be6 9. Nbd2 Nc5 10. c3 Bg4 (10... Nxb3 11. Nxb3 Be7 12. Be3 $1 $16 (12. Nfd4
Nxd4 13. cxd4 a5)) 11. h3 Bh5 (11... Nxb3 12. Nxb3 (12. axb3 Bh5 13. b4 (13. g4
$6 Bg6 14. Nd4 Nxd4 15. cxd4 h5) 13... Be7 14. Re1 O-O 15. Nb3 $14) 12... Bh5
13. Nbd4 Nxd4 14. cxd4 $14) 12. Re1 Be7 (12... Nxb3 $6 13. Nxb3 (13. axb3 Be7
14. b4) 13... Be7 14. g4 Bg6 15. Nbd4 Nxd4 16. Nxd4 $16) 13. Bc2 Qd7 (13... d4
14. Nb3 $1 (14. Ne4 d3 (14... Bxf3 $2 15. Qxf3 Nxe5 16. Qg3 $18) (14... Nxe5 $2
15. Nxc5) 15. Nxc5 (15. Bb1 Nxe4 16. Rxe4 Bg6 17. Re1) 15... dxc2 16. Qxd8+
Nxd8) 14... d3 15. Bb1 Nxb3 16. axb3 Bg6 17. Be3 O-O 18. Bd4 $36) (13... O-O $5
14. Nf1 (14. Nb3 Ne4 $1) 14... Re8 $5 15. g4 Bg6 16. Bxg6 hxg6 17. Ne3 Qd7 $1
18. Qxd5 (18. Nxd5 $6 Rad8 19. Nxe7+ Qxe7 20. Qc2 Nd3 21. Bg5 Nxe1 22. Rxe1 f6
23. Qxg6 Qf7 $17) 18... Red8 19. Qxd7 Rxd7 20. Nc2 Nd3 21. Re2 Bc5 $44) 14. Nf1
(14. Nb3 Ne6 $5) 14... Rd8 $5 (14... O-O 15. Ng3 Bg6) 15. Ng3 Bg6 16. Nd4 Nxd4
(16... O-O 17. Bf5 (17. Ngf5 Nxd4 $1) 17... Ne6) 17. cxd4 Ne6 18. Be3 (18. Nf5
c5) (18. Bf5 c5) 18... c5 19. Bf5 cxd4 (19... Qa7 $5 20. Bxe6 fxe6 21. Qg4 cxd4
22. Bxd4 Qd7 $11) 20. Bxd4 Rc8 $5 (20... Bh4 21. Bxg6 hxg6 22. Ne2 $13) 21. a4
O-O 22. axb5 Qxb5 (22... axb5 $5 23. Ra7 Rc7) 23. Bc3 (23. Bg4 Rc6 24. Bc3 Rd8
$13) 23... d4 $1 24. Bxd4 Rcd8 25. Bxe6 fxe6 26. Qg4 (26. Qa4 Rxd4 {transposes}
) 26... Rxd4 $8 27. Qxd4 Bc5 28. Qg4 Bxf2+ 29. Kh2 Bxe1 30. Rxe1 Qd5 $1 $15 31.
Qe2 $1 Qd3 32. Rf1 $1 Rb8 33. Qg4 Qd5 34. Qf4 h6 35. Rf2 Rb5 36. Re2 $2 (36.
Rd2 $1 Qxe5 37. Rd8+ Kh7 38. Qf8 Bf5 39. Qg8+ Kg6 40. Qe8+ $11) 36... a5 $2 (
36... Kh7 $1 37. Qf8 $5 (37. h4 Qb7 $1 $17)) 37. Rd2 $1 Qxe5 {Draw offer} 38.
Rd8+ Kh7 39. Qf8 $11 Bf5 40. Qg8+ Kg6 41. Qe8+ Kh7 (41... Kf6 $2 42. Rd7 Rd5
43. Rb7 $5 $40) 42. Qg8+ 1/2-1/2

[Event "Olympiad-29"]
[Site "Novi Sad"]
[Date "1990.11.26"]
[Round "9"]
[White "Wang, Zili"]
[Black "Jussupow, Artur"]
[Result "0-1"]
[WhiteElo "2520"]
[BlackElo "2605"]
[Annotator "Balashov,Y"]
[PlyCount "72"]
[EventDate "1990.11.17"]
[EventType "team-swiss"]
[EventRounds "14"]
[EventCountry "YUG"]
[SourceTitle "TD"]
[Source "ChessBase"]
[SourceDate "1994.03.01"]
[SourceVersion "1"]
[SourceVersionDate "1994.03.01"]
[SourceQuality "1"]
[WhiteTeam "China"]
[BlackTeam "Soviet Union"]
[WhiteTeamCountry "CHN"]
[BlackTeamCountry "URS"]

1. e4 e5 2. Nf3 Nc6 3. Bb5 a6 4. Ba4 Nf6 5. O-O Nxe4 6. d4 b5 7. Bb3 d5 8. dxe5
Be6 9. Nbd2 Nc5 10. c3 Be7 11. Bc2 Bg4 12. Re1 O-O $5 13. Nf1 Re8 14. Ne3 Nxe5
15. Bxh7+ Kxh7 16. Qc2+ Kg8 (16... Ng6 17. Nxg4 $14) 17. Nxe5 Be6 18. Nc6 Qd6
19. Nxe7+ Rxe7 20. b3 Nd7 21. Bb2 $6 (21. a4 $1 $14) 21... Rae8 22. Rad1 (22.
a4 $5) 22... c5 23. f3 Ne5 $1 24. Qf2 $6 (24. Qd2 c4 25. bxc4 (25. Nxd5 $2 Bxd5
26. Qxd5 Qxd5 27. Rxd5 Nxf3+ $19) 25... bxc4 26. Nc2 $10 Nd3 (26... Qb6+ 27.
Nd4 Nd3 28. Re2) 27. Ba3 Qb6+ $145 28. Qe3 (28. Nd4 $6 Nxe1 29. Bxe7 Nxf3+ $1
30. gxf3 Rxe7)) 24... c4 25. Qg3 f6 26. Rd4 Qc5 27. bxc4 $6 (27. b4 Qb6 28. Bc1
$17) 27... dxc4 28. Nc2 $2 (28. Bc1) 28... a5 $1 $19 29. Ba3 b4 30. cxb4 Qa7
31. b5 Rd7 32. Ree4 Bf5 33. Qf2 Bxe4 34. Rxd7 Qxd7 35. fxe4 Qd1+ 36. Ne1 Nd3
0-1

[Event "Moscow"]
[Site "Moscow"]
[Date "1981.04.??"]
[Round "4"]
[White "Balashov, Yuri S"]
[Black "Portisch, Lajos"]
[Result "1/2-1/2"]
[WhiteElo "2600"]
[BlackElo "2650"]
[Annotator "Belov,I"]
[PlyCount "51"]
[EventDate "1981.04.08"]
[EventType "tourn"]
[EventRounds "13"]
[EventCountry "URS"]
[EventCategory "15"]
[SourceTitle "MCL"]
[Source "ChessBase"]
[SourceDate "1999.07.01"]
[SourceVersion "1"]
[SourceVersionDate "1999.07.01"]
[SourceQuality "1"]

1. e4 e5 2. Nf3 Nc6 3. Bb5 a6 4. Ba4 Nf6 5. O-O Nxe4 6. d4 b5 7. Bb3 d5 8. dxe5
Be6 9. c3 Nc5 10. Bc2 Bg4 11. Re1 Be7 12. Nbd2 Qd7 (12... O-O) 13. Nf1 (13. Nb3
Ne6 14. h3 Bh5 15. Bf5 Ncd8 16. Be3 O-O 17. Qe2 a5 18. Rad1 Bg6 19. g4 a4 20.
Nbd4 c6 $10 {Popovic,P-Marin,M/Manila(izt)/1990/0,5 (25)/}) 13... Rd8 14. Ne3 (
14. Ng3 $5 d4 15. h3 Bxf3 16. Qxf3 d3 17. Bb3 O-O 18. Nf5 $36 {Palecek-Hracek,
Z/CSR/1988/0,5 (33)/}) 14... Bh5 15. b4 (15. Nf5 O-O 16. Nxe7+ Nxe7 17. b4 Ne4
$1 18. Bxe4 dxe4 19. Qxd7 Rxd7 20. Ng5 Bg6 21. e6 Rd3 $1 $10 {Sokolov,
A-Korchnoi,V/Tilburg/1987/0:1 (52)/}) 15... Ne6 16. Nf5 (16. g4 Bg6 17. Nf5 O-O
18. a4 d4 19. axb5 axb5 20. Be4 Rfe8 21. Be3 Bf8 22. Qd2 h5 23. h3 Nxb4 $1 $10
{Palkovi,J-Marin,M/Stara Zagora(zt)/0,5 (33)/}) 16... O-O (16... d4 $6 17. Be4
Bg6 18. g4 h5 19. h3 Kf8 20. a4 hxg4 21. hxg4 Qe8 22. axb5 axb5 23. Ra6 $16 {
Hjartarson,J-Korcnoi,V/Saint John(m/1)/1:0 (44) Inf 45/387/}) 17. a4 Rfe8 (
17... Bg6 18. Be3 d4 19. axb5 axb5 20. N5xd4 Ncxd4 21. Nxd4 Bxb4 $10 {Vazquez,
R-Marin,M/Andorra/1991/0,5 (26)/}) 18. axb5 axb5 19. Qd3 Bg6 20. Rd1 (20. Qxb5
Nxe5 21. Qxd7 Nxd7 22. Nxe7+ Rxe7 23. Bxg6 hxg6 $10 {Rodriguez,A-Marin,M/Novi
Sad(ol)/1990/1:0 (73) Inf 50/370/}) 20... Bf8 21. Be3 (21. Qxb5 Nxe5 22. Qxd7
Nxd7 $10) 21... Ra8 (21... d4 $6 22. Qe2 $16) 22. h3 (22. Rab1 $5) 22... Rxa1
23. Rxa1 d4 $10 24. Bxd4 $8 Nexd4 25. N3xd4 (25. cxd4 Nxb4 26. Qe4 Nxc2 $19)
25... Rxe5 26. Qf3 1/2-1/2

[Event "Moscow"]
[Site "Moscow"]
[Date "1981.04.??"]
[Round "13"]
[White "Timman, Jan H"]
[Black "Geller, Efim P"]
[Result "1-0"]
[WhiteElo "2620"]
[BlackElo "2615"]
[Annotator "Belov,I"]
[PlyCount "61"]
[EventDate "1981.04.08"]
[EventType "tourn"]
[EventRounds "13"]
[EventCountry "URS"]
[EventCategory "15"]
[SourceTitle "MCL"]
[Source "ChessBase"]
[SourceDate "1999.07.01"]
[SourceVersion "1"]
[SourceVersionDate "1999.07.01"]
[SourceQuality "1"]

1. e4 e5 2. Nf3 Nc6 3. Bb5 a6 4. Ba4 Nf6 5. O-O Nxe4 6. d4 b5 7. Bb3 d5 8. dxe5
Be6 9. c3 Bc5 10. Nbd2 O-O 11. Bc2 Bf5 12. Nb3 Bg6 13. a4 $5 (13. e6 f5 $5 14.
Bxe4 $6 fxe4 15. Nxc5 exf3 $15 {Loshakov-Abloukhov/corr/1987/0:1 (27) Inf 44/
410/}) (13. Qe2 Re8 $1 14. Nxc5 Nxc5 15. Bxg6 hxg6 16. Bg5 Qd7 17. Rad1 Ne6 $10
{Ljubojevic,L-Timman,J/Hilversum(m/6)/1987/0:1 (51) Inf 44/411/}) (13. Bf4 Bb6
14. a4 Qd7 15. axb5 axb5 16. Rxa8 Rxa8 17. Nfd4 b4 $10 {Short,N-Timman,J/
Tilburg/1988/0,5 (41) Inf 46/438/} (17... Nd8 $5)) (13. Nbd4 Nxd4 14. Nxd4 Bb6
15. Be3 {Polgar,S-Van der Sterren,P/Wijk aan Zee/1990/1:0 (33) Inf 49/398/} Qd7
$13) (13. Nfd4 $1 Nxd4 14. Nxd4 Bxd4 15. Qxd4 (15. cxd4 $5) 15... c5 16. Qd1 h6
17. f3 Ng5 18. Be3 Rc8 19. Qd2 $14 {Short,N-Timman,J/San Lorenzo de El
Escorial(m/12)/1993/1:0 (46) Inf 56/369/}) 13... Bb6 14. Nbd4 Nxd4 15. Nxd4 c5
$2 (15... Qd7 $142 16. Be3 Nc5 17. a5 Ba7 18. f4 Bxc2 19. Nxc2 f6 20. exf6 Rxf6
$10 {Van der Wiel,J-Korchnoi,V/Wijk aan Zee/1983/0:1 (48) Inf 35/426/}) 16. Nc6
$1 Nxc3 (16... Qd7 17. Qxd5 Qxd5 18. Ne7+ Kh8 19. Nxd5 Bd8 $8 (19... Ba7 20.
Ne7 $18) 20. axb5 $18) 17. Nxd8 (17. bxc3 $6 Bxc2 18. Qxc2 Qd7) 17... Nxd1 18.
Bxg6 Raxd8 19. Bf5 Nxf2 $8 20. Kxf2 c4+ 21. Kg3 $16 g6 22. Bg4 Bc7 23. Bf4 Rfe8
$6 (23... b4 $142 $16) 24. axb5 axb5 25. Ra7 Bb8 (25... Bxe5 26. Bxe5 Rxe5 27.
Rfxf7 $18) 26. Rb7 g5 $6 27. Bxg5 Bxe5+ 28. Kh3 Rb8 29. Rbxf7 $18 Bxb2 (29...
Bg7) 30. Bh6 $1 b4 31. Be6 $1 (31. Be6 $1 Rxe6 32. Rf8+ $18) 1-0

[Event "Olympiad-32"]
[Site "Yerevan"]
[Date "1996.09.28"]
[Round "12.4"]
[White "Nijboer, Friso"]
[Black "Sulskis, Sarunas"]
[Result "0-1"]
[WhiteElo "2525"]
[BlackElo "2515"]
[Annotator "Chekhov,V"]
[PlyCount "68"]
[EventDate "1996.09.15"]
[EventType "team-swiss"]
[EventRounds "14"]
[EventCountry "ARM"]
[SourceTitle "CBM 055"]
[Source "ChessBase"]
[SourceDate "1996.12.01"]
[SourceVersion "1"]
[SourceVersionDate "1996.12.01"]
[SourceQuality "1"]
[WhiteTeam "Netherlands"]
[BlackTeam "Lithuania"]
[WhiteTeamCountry "NED"]
[BlackTeamCountry "LTU"]

1. e4 e5 2. Nf3 Nc6 3. Bb5 a6 4. Ba4 Nf6 5. O-O Nxe4 6. d4 b5 7. Bb3 d5 8. dxe5
Be6 9. Nbd2 (9. c3 $5) 9... Nc5 10. c3 Bg4 11. h3 Bh5 12. Bc2 Qd7 13. Re1 Rd8
14. b4 $5 {N/} (14. Nf1 d4 15. Ng3 Bg6 16. Bxg6 hxg6 17. Bg5 Be7 18. Bxe7 Qxe7
19. cxd4 Nxd4 $1 20. Nxd4 Ne6 21. Nge2 c5 $10 {Martin Del Campo,R-Sagalchik,G/
Linares/1994/0,5/23/}) 14... Ne6 15. Nb3 d4 $1 16. Be4 dxc3 (16... d3 17. Re3
$22 Nxe5 18. g4 Nxf3+ 19. Qxf3 Bg6 20. Bc6 $18) 17. Qxd7+ Kxd7 18. a3 (18. Rd1+
Kc8 19. Be3 Bxf3 20. gxf3 Nxe5 $19) 18... Bxf3 19. gxf3 g5 (19... Nxe5 20. f4
Nc4 21. f5 $16) 20. Bxg5 $6 (20. Re3 Bg7 21. Rxc3 Nxe5 22. Bb2 Nc4 23. Rd3+ Kc8
24. Bxg7 Nxg7 25. Nc5 $44) 20... Nxg5 21. Rad1+ Kc8 22. Bxc6 Bh6 23. Kg2 c2 24.
Rc1 Rhg8 $19 25. Kh1 (25. Rxc2 Rd3 $1 26. Re3 Nxf3+ $6 (26... Ne6+ 27. Kf1 Bxe3
28. fxe3 Rxb3 $19) 27. Kxf3 Bxe3 28. fxe3 Rxb3 29. Bd5 Rxa3 30. Bxf7 Rf8 31. e6
Kd8 32. Ke4 $132) 25... Rd3 26. Nc5 Rxf3 27. Rxc2 (27. Bxf3 Nxf3 28. Rf1 Bxc1
29. Rxc1 Rg1+ 30. Rxg1 Nxg1 31. Nd3 Ne2 $19) 27... Rxh3+ 28. Kg2 Rxa3 29. Re3
Ne4+ (29... Ne6+ 30. Rg3 Rgxg3+ 31. fxg3 Nd4 32. Bb7+ Kb8 33. Rb2 Bf8 $19) 30.
Kf3 Bxe3 31. Nxe4 Bh6+ 32. Ke2 Bf4 33. Rc5 Rd8 34. Bd5 Bxe5 0-1

[Event "URS-ch48 Final"]
[Site "Vilnius"]
[Date "1980.12.??"]
[Round "?"]
[White "Geller, Efim P"]
[Black "Chekhov, Valery A"]
[Result "0-1"]
[WhiteElo "2565"]
[BlackElo "2410"]
[Annotator "Chekhov,V"]
[PlyCount "85"]
[EventDate "1980.12.25"]
[EventType "tourn"]
[EventRounds "17"]
[EventCountry "LTU"]
[EventCategory "12"]
[SourceTitle "URS-ch"]
[Source "ChessBase"]
[SourceDate "1999.07.01"]
[SourceVersion "1"]
[SourceVersionDate "1999.07.01"]
[SourceQuality "1"]

1. e4 e5 2. Nf3 Nc6 3. Bb5 a6 4. Ba4 Nf6 5. O-O Nxe4 6. d4 b5 7. Bb3 d5 8. dxe5
Be6 9. c3 Bc5 10. Nbd2 O-O 11. Bc2 Nxf2 12. Rxf2 f6 13. exf6 Bxf2+ 14. Kxf2
Qxf6 15. Kg1 (15. Nf1 $1 Ne5 16. Be3 Rae8 17. Bc5 Nxf3 18. gxf3 Rf7 19. Ng3 $1
Bg4 20. Kg1 Qxf3 21. Qxf3 {Ivanchuk,V-Yusupov,A/Linares/1990/0,5 (42)} Rxf3 $1
$14) 15... Rae8 16. Nf1 Ne5 17. Be3 Nxf3+ 18. Qxf3 Qxf3 19. gxf3 Rxf3 20. Bd1
$6 (20. Bf2 $5 Bh3 21. Nd2 Rf6 22. Bd3 h5 $1 23. Re1 Rxe1+ 24. Bxe1 c5 $132 {
Kaminski,M-Chekhov,V/POL/1993/0:1 (56)}) 20... Rf7 21. Bb3 c6 22. Ng3 Bh3 23.
Bd4 g6 $6 (23... h5 $1 24. Nxh5 Re2 25. Ng3 (25. Rb1 Rxb2 $19) 25... Rxb2 $17)
24. Bc2 Re6 25. Bd3 $6 (25. a4 $1 bxa4 (25... h5 26. axb5 axb5 27. Ra8+ Rf8 28.
Rxf8+ Kxf8 29. Bd3 h4 30. Nf1 $132) 26. Bxa4 h5 27. Nh1 {/\Nf2/}) 25... h5 26.
Bf1 (26. Nh1 Bf5 $36) 26... Bxf1 27. Rxf1 (27. Nxf1 Re2 $36) 27... h4 28. Rxf7
Kxf7 29. Nf1 Re2 30. b4 Rxa2 $19 31. h3 Ke6 32. Ne3 a5 33. bxa5 Rxa5 34. Kf2
Kd6 35. Bf6 Ra4 36. Ke2 (36. Ng2 Ke6 37. Bxh4 Rc4 $19) 36... b4 37. cxb4 Rxb4
38. Ng4 Rb3 39. Nf2 c5 40. Bxh4 d4 41. Bg5 c4 42. h4 Ke5 43. Nh3 $2 0-1